000 01215nam a2200289 i 4500
001 171236
003 ES-MaACL
005 20251212171855.0
008 090506s1962 sp |||| | spa d
017 _aM 17118-1962
245 0 0 _aTratados espirituales /
_cMelchor Cano, Domingo de Soto, Juan de la Cruz ; estudio preliminar y edición preparada por Vicente Beltrán de Heredia.
260 _aMadrid :
_bLa Editorial Católica,
_c1962.
300 _aXI, 512 p. ;
_c20 cm.
490 1 _aBiblioteca de autores cristianos ;
_v221
500 _aÍndices.
505 8 _aContiene : La victoria de sí mismo ; Tratado del amor de Dios ; Diálogo sobre la necesidad y provecho de la oración vocal
700 1 _aCano, Melchor.
_9140036
700 1 _aSoto, Domingo de,
_d1495-1560
_9107479
700 0 _aJuan de la Cruz,
_cSanto,
_d1542-1591
_967110
700 1 _aBeltrán de Heredia, Vicente,
_d1885-1973
_927359
740 0 _aLa victoria de sí mismo.
740 0 _aTratado del amor de Dios.
740 0 _aDiálogo sobre la necesidad y provecho de la oración vocal.
830 0 0 _aBiblioteca de autores cristianos
_v221
_9178679
852 _aES-MaACL
_jJ-216
_9R.46092
999 _c171236
_d171236